[Manuel de géographie]. (Record no. 189345)

MARC details
000 -LEADER
campo de control de longitud fija 00627nam a2200157 i 4500
001 - NÚMERO DE CONTROL
campo de control 189345
003 - IDENTIFICADOR DE NÚMERO DE CONTROL
campo de control ES-MaACL
005 - FECHA Y HORA DE LA ÚLTIMA TRANSACCIÓN
campo de control 20230906223442.0
008 - DATOS DE LONGITUD FIJA--INFORMACIÓN GENERAL
campo de control de longitud fija 190524q18601879sp |||| | spa d
245 01 - MENCIÓN DEL TÍTULO
Título [Manuel de géographie].
260 ## - PUBLICACIÓN, DISTRIBUCIÓN, ETC.
Lugar de publicación, distribución, etc. [Sl. :
Nombre del editor, distribuidor, etc. s.n.,
Fecha de publicación, distribución, etc. 186?]
300 ## - DESCRIPCIÓN FÍSICA
Extensión 48 p. ;
Dimensiones 21 cm.
500 ## - NOTA GENERAL
Nota general Ejemplar sin portada, título tomado de principio del texto.
651 #4 - PUNTO DE ACCESO ADICIONAL DE MATERIA--NOMBRE GEOGRÁFICO
Nombre geográfico España-
Subdivisión general Geografía.
9 (RLIN) 8200
852 ## - LOCALIZACIÓN
Ubicación ES-MaACL
Número de control de estantería B-8926(6)
Nota libre .- Legado de Federico de Botella y de Hornos
-- .- Encuadernado en un vol. facticio agrupado con el nombre en el lomo: España, geología, memorias y documentos varios 20 al 40
Holdings
Estatus retirado Estado de pérdida Estado de daño No para préstamo Colección Biblioteca de origen Biblioteca actual Ubicación en estantería Fecha de adquisición Fuente de adquisición Total de préstamos Signatura topográfica completa Código de barras Visto por última vez Precio de reemplazo Tipo de ítem Koha
        Libros del s. XIX Biblioteca del Ateneo de Madrid Biblioteca del Ateneo de Madrid Sala Pardo Bazán 24/05/2019     B-8926(6) 1200614 23/02/2023 23/02/2023 Libro impreso antiguo